Особенности распространения ударной волны частиц с учётом их объемной доли; Перспективы развития фундаментальных наук; Т. 1 : Физика
| Parent link: | Перспективы развития фундаментальных наук=Prospects of Fundamental Sciences Development: сборник научных трудов XV Международной конференции студентов, аспирантов и молодых ученых, г. Томск, 24-27 апреля 2018 г./ Национальный исследовательский Томский политехнический университет (ТПУ) ; под ред. И. А. Курзиной, Г. А. Вороновой.— , 2018 Т. 1 : Физика.— 2018.— [С. 99-101] |
|---|---|
| Glavni avtor: | |
| Korporativna značnica: | |
| Drugi avtorji: | |
| Izvleček: | Заглавие с экрана Numerical solution of the one-dimensional problem of shock wave propagation over gas-particle suspension considering the volume fraction is obtained. The solution is found using the approach of interpenetrating continua. Impact of particle volume fraction to the shock wave propagation is shown. Comparison of numerical solutions taking into account the volume fraction and without that for the problem is discussed. |
| Jezik: | ruščina |
| Izdano: |
2018
|
| Teme: | |
| Online dostop: | http://earchive.tpu.ru/handle/11683/50946 |
| Format: | Elektronski Book Chapter |
| KOHA link: | https://koha.lib.tpu.ru/cgi-bin/koha/opac-detail.pl?biblionumber=627385 |
MARC
| LEADER | 00000naa2a2200000 4500 | ||
|---|---|---|---|
| 001 | 627385 | ||
| 005 | 20231101133447.0 | ||
| 035 | |a (RuTPU)RU\TPU\conf\27176 | ||
| 035 | |a RU\TPU\conf\27172 | ||
| 090 | |a 627385 | ||
| 100 | |a 20180904d2018 k y0rusy50 ca | ||
| 101 | 0 | |a rus |d eng | |
| 102 | |a RU | ||
| 105 | |a y z 100zy | ||
| 135 | |a drgn ---uucaa | ||
| 181 | 0 | |a i | |
| 182 | 0 | |a b | |
| 200 | 1 | |a Особенности распространения ударной волны частиц с учётом их объемной доли |d Peculiarities of a numerical solution of the problem of shock wave propagation over gas-particle suspension considering the volume fraction |f Н. В. Гольдина |g науч. рук. Л. Л. Миньков | |
| 203 | |a Текст |c электронный | ||
| 230 | |a 1 компьютерный файл (pdf; 178 Kb) | ||
| 300 | |a Заглавие с экрана | ||
| 320 | |a [Библиогр.: с. 101 (4 назв.)] | ||
| 330 | |a Numerical solution of the one-dimensional problem of shock wave propagation over gas-particle suspension considering the volume fraction is obtained. The solution is found using the approach of interpenetrating continua. Impact of particle volume fraction to the shock wave propagation is shown. Comparison of numerical solutions taking into account the volume fraction and without that for the problem is discussed. | ||
| 461 | 1 | |0 (RuTPU)RU\TPU\conf\26928 |t Перспективы развития фундаментальных наук |l Prospects of Fundamental Sciences Development |o сборник научных трудов XV Международной конференции студентов, аспирантов и молодых ученых, г. Томск, 24-27 апреля 2018 г. |o в 7 т. |f Национальный исследовательский Томский политехнический университет (ТПУ) ; под ред. И. А. Курзиной, Г. А. Вороновой |d 2018 | |
| 463 | 1 | |0 (RuTPU)RU\TPU\conf\26929 |t Т. 1 : Физика |v [С. 99-101] |d 2018 | |
| 510 | 1 | |a Peculiarities of a numerical solution of the problem of shock wave propagation over gas-particle suspension considering the volume fraction |z eng | |
| 610 | 1 | |a электронный ресурс | |
| 610 | 1 | |a распространение волн | |
| 610 | 1 | |a ударные волны | |
| 610 | 1 | |a частицы | |
| 610 | 1 | |a численные решения | |
| 610 | 1 | |a детонационные волны | |
| 610 | 1 | |a газодисперсные среды | |
| 700 | 1 | |a Гольдина |b Н. В. | |
| 702 | 1 | |a Миньков |b Л. Л. |4 727 | |
| 712 | 0 | 2 | |a Национальный исследовательский Томский государственный университет (ТГУ) |c (2009- ) |2 stltpush |3 (RuTPU)RU\TPU\col\17230 |
| 801 | 2 | |a RU |b 63413507 |c 20181004 |g RCR | |
| 856 | 4 | |u http://earchive.tpu.ru/handle/11683/50946 | |
| 942 | |c BK | ||